| 000 | 00431nam a2200157 i 4500 | ||
|---|---|---|---|
| 001 | 62208 | ||
| 003 | ES-MaACL | ||
| 005 | 20230906164627.0 | ||
| 007 | t| | ||
| 008 | 031118s1955 sp ||||1| spa d | ||
| 100 | 1 |
_aGarcía, Fermín María. _954020 |
|
| 245 | 1 | 0 |
_aMomentos / _cFermín María. |
| 260 |
_aMurcia : _b[s.n., _c1955] ( _fSucs. de Nogues) |
||
| 300 |
_aXXIII, 169 p. ; _c17 cm. |
||
| 852 |
_aES-MaACL _jC-10709 _bR.37946 |
||
| 999 |
_c62208 _d62208 |
||